Statistics for Progressive Geography Test #10

Click here to take the quiz!

General Stats

  • This quiz has been taken 536 times
    (344 since last reset)
  • The average score is 13 of 20

Answer Stats

QuestionAnswer% Correct
What is the most spoken language in the United Kingdom?English
100%
What city is famous for its canals and gondolas?Venice
97%
What is the holiest city of Islam?Mecca
95%
Which 'country' of the UK is at the northern end of Great Britain?Scotland
93%
What is the largest island in the Mediterranean Sea?Sicily
90%
What country is vegemite most famously from?Australia
85%
What is the capital of the German state of Bavaria?Munich
82%
And what famous festival is held annually in that city?Oktoberfest
81%
What is the name of the Dutch speaking region of Beligum?Flanders
75%
On the shores of which lake is Toronto located?Ontario
68%
What city was formerly known as Edo?Tokyo
65%
What capital is less than 100km from Tallinn?Helsinki
64%
What is the most populated river basin in the world?Ganges
58%
What country also goes by the name of Aotearoa?New Zealand
54%
What Swedish city is connected to Copenhagen by a bridge?Malmö
52%
What is Canada's largest first-level subdivision?Nunavut
41%
In what city would you find the Kowloon Peninsula?Hong Kong
40%
What national capital's name means "Red Hero"?Ulaanbaatar
35%
What group of Caribbean islands includes St. Croix and St. Thomas?U.S. Virgin Islands
30%
In which country would you find the city of Port-Gentil?Gabon
18%

Score Distribution

Percentile by Number Answered

Percent of People with Each Score

Your Score History

You have not taken this quiz since the last reset